Oscar Larson: el clero y la política chilena

Gespeichert in:
Bibliographische Detailangaben
1. Verfasser: Araneda Bravo, Fidel (VerfasserIn)
Format: Buch
Sprache:Spanisch
Veröffentlicht: Santiago Imprenta San José 1981
Schlagworte:
Tags: Tag hinzufügen
Keine Tags, Fügen Sie den ersten Tag hinzu!

MARC

LEADER 00000cam a2200000 a 4500
001 UCI6064
003 CL-VaPUC
005 20250227153809.0
008 080418e19810000CL |||||||||||||||||spa|d
999 |c 329667  |d 329665 
040 |c Pontificia Universidad Católica de Valparaíso 
082 0 4 |a 922.2  |b ARA  |2 21 
100 0 |a Araneda Bravo, Fidel  |e author  |9 470713 
245 1 0 |a Oscar Larson: el clero y la política chilena 
260 |a Santiago  |b Imprenta San José  |c 1981 
300 |a 176 p 
500 |a Donación Padres Capuchinos 
583 |a last modification  |c 20120914 12:52:13  |k Rodrigo Vera 
600 |a Larson, Oscar  |9 859939 
650 0 |a Biografías  |9 255210 
650 0 |a Vida religiosa  |9 257284 
650 0 |a Política  |9 255312 
852 |a BIBCUR 
942 |c BK  |2 ddc 
945 |d 20080418 00:00:00  |a rbrito 
952 |0 0  |1 0  |4 0  |6 922_200000000000000_ARA_1981  |7 0  |8 ?  |9 414652  |a FDOBUD  |b FDOBUD  |d 2019-11-22  |i 4407563  |o 922.2 ARA 1981  |p 4407563  |r 2019-11-22  |w 2019-11-22  |y BK  |k BUD 
952 |0 0  |1 0  |4 0  |6 922_200000000000000_ARA_1981  |7 0  |8 A  |9 414653  |a BIBHIS  |b BIBHIS  |d 2019-11-22  |i 490351K  |o 922.2 ARA 1981  |p 490351K  |r 2025-01-20  |w 2019-11-22  |y BK  |k HIS